| 000 | 00692nam a2200217 a 4500 | ||
|---|---|---|---|
| 001 | 83065 | ||
| 003 | BD-RjUL | ||
| 005 | 20240212150121.0 | ||
| 008 | 240212s1932 ii ||| | ara d | ||
| 035 | _a(BD-RjUL) 83065 | ||
| 040 |
_aHAI _beng _cBD-RjUL |
||
| 041 | 0 | _aara/per | |
| 082 |
_223 _a892.71 _bRAS 1932 |
||
| 100 | 1 |
_aابن الانبارى، محمد بن القاسم، _d884-940 _911686 |
|
| 245 | 1 | 0 |
_aشرح قصائد سبعه معلقه ;; sharah qasayid sabah mualiquh / _cرشيد النبي ;; Rasid un Nabi |
| 246 | 3 | 3 | _aالجاهليات |
| 260 |
_aKalkatta : _bMuayim sam madrasha، _c1932 |
||
| 300 |
_a280 p. ; _c٢٥ س. |
||
| 650 | _aPoetry | ||
| 942 |
_2ddc _cBK |
||
| 999 |
_c83065 _d83065 |
||